000 00515nam a22001937a 4500
001 00028732
005 20260409141316.0
008 260409b ag ||||| |||| 00| 0 spa d
020 _a9788441324275
040 _bspa
_cAR-CcCEOS
080 _a937
090 _bDUR
100 _aFurio Durando
_91036
245 _aItalia Antigua :
_bCuna de la civilización mediterránea /
_cFurio Durando
260 _aBarcelona :
_bFolio,
_cc2008.
300 _a142 p. ;
_c30x23 cm.
650 0 _ahistoria
942 _2udc
_cBK
999 _c28767
_d28767
945 _a66467
_bMelina Rolando
_c66467
_dMelina Rolando